Identifikace procesů a jejich popis

Bibliographic Details
Main Author: Andrýsek, Leoš (Author)
Format: Article
Language:Slovak
Czech
PhysicalDescription:Sch., tab.
ISSN:1335-5961
Subjects:

MARC

LEADER 00000nab a2200000 a 4500
001 vtls000827046
003 SK-MaSNL
005 20260304120728.0
008 250429c2002 xo 0 slo
015 |a SNBRB2003/03-06839 
035 |a CLN000178701 
035 |a urn:nbn:sk:snk-abag0s 
035 |a (urnnbn)urn:nbn:sk:snk:ar-a0aea2 
035 |a (uuid)4169ee10-cfc7-429f-a86b-417e45969578 
040 |a SNKBUCL  |b slo  |c SNKBUCL  |e AACR2 
041 0 |a cze 
044 |a xo  |c SK 
080 |a 658.11.011.4  |2 1997 
100 1 |a Andrýsek, Leoš  |4 aut  |9 1425033 
245 1 0 |a Identifikace procesů a jejich popis  |c Leoš Andrýsek 
300 |b Sch., tab. 
504 |a Bibliogr. odkazy 
650 0 7 |a procesy podnikovéY  |2 snkbucl  |9 24694 
655 7 |a články z novín a časopisov  |2 snkbucl  |9 267496 
773 0 |t Produktivita  |g Roč. 3, č. 1 (2002), s. 18-19  |x 1335-5961 
850 |a Slovenská národná knižnica 
852 |a Slovenská národná knižnica 
958 |a article14 
958 |a OND 
958 |a NB 
958 |a EUIPO 
999 |c 2881200  |d 2883130